000
00278nam a22001097a 4500
082
_a
621.4021 MAT'P
100
_a
MEHTA, F. S,MATHUR, M. L
_9
80653
245
_a
PROBLEMS IN THERMODYNAMICS APPLIED TO HEAT ENGINES
260
_a
PILANI
_b
JAIN
_c
1961
300
_a
233P
942
_c
BK
999
_c
585549
_d
585549